| 000 | 00788nam a2200217Ia 4500 | ||
|---|---|---|---|
| 003 | CO-CtgCURN | ||
| 005 | 20250408230108.0 | ||
| 008 | 190722s9999 xx 000 0 und d | ||
| 020 | _a9789588392042 | ||
| 040 |
_aCO-CtgCURN _bspa _ccoctgcurn |
||
| 082 |
_a342.024 _bA168c |
||
| 110 | _aAcademia Colombiana de Jurisprudencia | ||
| 245 | 0 |
_aConceptos constitucionales : _b2007 / _cLuis Fernando Alvarez Londono...[et al.] |
|
| 260 |
_aBogotá, Colombia : _bAcademia Colombiana de Jurisprudencia, _c2007 |
||
| 300 |
_a297 páginas ; _c23 centímetros |
||
| 521 | _aAREA PROFESIONAL | ||
| 590 | _aPrograma de Derecho_18 | ||
| 650 | _aDerecho constitucional | ||
| 942 |
_cBK _h342.024 _iA168c _2ddc _n0 |
||
| 999 |
_c28335 _d28335 |
||